| 000 | 00504 a2200169 4500 | ||
|---|---|---|---|
| 020 | _a0425103528 | ||
| 040 |
_aDLC _bDLC |
||
| 082 | 0 | 0 | _a823/.912 |
| 100 | 1 | _aChristie, Agatha, | |
| 245 | 1 | 0 |
_aPartners in crime _bAgatha Christie. |
| 260 |
_aNew York : _bHarper Collins Publishers _c1929. |
||
| 300 |
_a347 p. ; _c18 cm. |
||
| 650 | 0 | _aDetective and mystery stories, English. | |
| 710 | 2 | _aBerkley Books. | |
| 710 | 2 | _aCopyright Paperback Collection (Library of Congress) | |
| 942 |
_cBK _k823.912 CHR _2ddc |
||
| 999 |
_c5159 _d5159 |
||